Olympics medal table - Artistic gymnastics - Statistics

General Stats
  • This quiz has been taken 36 times
  • The average score is 12 of 15
Answer Stats
Total Gold Silver Bronze Nation % Correct
182 72 67 43 Soviet Union
100%
18 9 5 4 Unified Team
100%
121 38 44 39 United States
100%
68 29 21 18 China
97%
103 33 34 36 Japan
97%
36 6 13 17 East Germany
94%
44 10 15 19 Russia
94%
16 5 10 11 France
91%
38 13 12 13 Germany
91%
32 14 8 10 Italy
79%
71 25 20 26 Romania
79%
35 12 13 10 Czechoslovakia
56%
41 15 12 14 Hungary
56%
49 16 19 14 Switzerland
32%
15 8 5 12 Finland
26%
No matching quizzes found
Score Distribution
Percent of People with Each Score
Percentile by Number Answered
Your Score History
You have not taken this quiz